[Event "CCCSA IM Norm C 2019"]
[Site "Charlotte"]
[Date "2019.06.06"]
[Round "2.4"]
[White "Martin Del Campo C., Roberto"]
[Black "Turgut, Aydin"]
[Result "0-1"]
[WhiteElo "2311"]
[BlackElo "2286"]
[Annotator "TA"]
[PlyCount "66"]
[EventDate "2019.06.05"]
[EventType "tourn"]
[EventCountry "USA"]
[SourceTitle "playchess.com"]
[Source "ChessBase"]
[SourceQuality "1"]

{[%evp 17,66,0,6,-10,-8,-28,-23,-39,-16,-21,-17,-23,-15,-18,-20,-155,-163,-160,-160,-165,-157,-193,-193,-193,-200,-250,-246,-367,-369,-362,-349,-352,-368,-368,-391,-393,-354,-708,-707,-707,-702,-706,-621,-515,-470,-442,-341,-320,-315,-344,-330]} 1. e4 e5 2. Nf3 Nc6 3. Bb5 a6 4. Ba4 Nf6 5. O-O Be7 6. Bxc6 dxc6 7. Qe1 Nd7 8. d4 exd4 9. Nxd4 O-O 10. Nc3 {C85: Closed Ruy Lopez: Deferred Exchange Variation} Ne5 (10... Nb6 11. Be3 Nc4 12. Rd1 Qe8 13. Bc1 c5 14. Nde2 f5 15. b3 Ne5 16. exf5 Bxf5 17. Ng3 Bd6 18. Nxf5 Rxf5 19. Ne4 Qg6 {½-½ (32) Khairullin,I (2630)-Andreikin,D (2736) Sochi 2016}) 11. Nf5 Bxf5 12. exf5 {Black has an edge.} Bd6 13. Ne4 Re8 {[#] And now ...Qh4 would win.} 14. f3 Qd7 $36 {[%mdl 2048] Black has the initiative.} 15. f6 Ng4 16. h3 (16. fxg7 $11 f5 17. fxg4 Rxe4 18. Qc3) 16... Nxf6 $17 17. Nxf6+ gxf6 18. Qh4 $146 Qf5 19. Qg4+ Qxg4 20. fxg4 Re2 21. c3 Rae8 22. Rb1 (22. Bh6 $142) 22... Rc2 $19 23. Bf4 Ree2 24. Bxd6 Rxg2+ ({Don't do} 24... cxd6 25. Rxf6 Rxg2+ 26. Kf1 $19) 25. Kh1 cxd6 26. Rxf6 Rxb2 27. Rxd6 $2 {[%mdl 4096] Endgame KRR-KRR} (27. Rxb2 Rxb2 28. a4) 27... Rh2+ {[%mdl 64] [#] Double Attack} 28. Kg1 Rbg2+ (28... Rxb1+ $2 29. Kxh2 Rb2+ 30. Kg3 $19) 29. Kf1 Rxa2 {[%cal Rh2h1]} 30. Kg1 Rag2+ 31. Kf1 Rb2 32. Rxb2 Rxb2 33. c4 Rc2 {Accuracy: White = 20%, Black = 91%.} 0-1

[Event "CCCSA IM Norm C 2019"]
[Site "Charlotte"]
[Date "2019.06.06"]
[Round "2.5"]
[White "Bregadze, Levan"]
[Black "Wang, Jason"]
[Result "0-1"]
[WhiteElo "2462"]
[BlackElo "2285"]
[Annotator "TA"]
[PlyCount "94"]
[EventDate "2019.06.05"]
[EventType "tourn"]
[EventCountry "USA"]
[SourceTitle "playchess.com"]
[Source "ChessBase"]
[SourceQuality "1"]

{[%evp 9,94,-55,-35,-76,-71,-69,-70,-73,-69,-68,-66,-96,-91,-92,-81,-119,-114,-132,-147,-158,-150,-173,-162,-236,-200,-248,-272,-245,-268,-261,-254,-252,-254,-246,-251,-249,-239,-387,-387,-366,-357,-351,-356,-327,-315,-354,-241,-340,-356,-362,-344,-351,-338,-341,-354,-338,-346,-362,-354,-355,-352,-403,-395,-440,-441,-482,-462,-498,-480,-480,-481,-497,-476,-652,-644,-718,-718,-691,-689,-618,-478,-574,-568,-804,-779,-736,-708]} 1. e4 c5 2. b3 g6 (2... Nc6 3. Bb2 e5 4. Nf3 d6 5. Bc4 Be7 6. O-O Nh6 7. c3 O-O 8. d4 Qc7 9. Na3 Kh8 10. Nc2 f5 11. exf5 Nxf5 12. dxe5 dxe5 13. Qe2 Nd6 {½-½ (64) Vachier Lagrave,M (2780)-Maze,S (2596) chess.com INT 2019}) 3. Bb2 Nf6 4. Nc3 Bg7 5. Qe2 $146 ({Predecessor:} 5. Nd5 O-O 6. Nxf6+ Bxf6 7. Bxf6 exf6 8. Bc4 Re8 9. Bd5 Nc6 10. Ne2 {½-½ (53) Potapov,P (2497)-Zakhartsov,V (2442) Sochi 2017}) 5... d6 6. e5 {B20: Sicilian: Unusual White 2nd moves} dxe5 7. Qxe5 b6 8. Bb5+ {Black is slightly better.} Bd7 9. Bxd7+ Qxd7 10. Nf3 Nc6 11. Qe2 O-O 12. O-O Rfe8 13. Rad1 e5 14. Ne4 Nd5 15. Qc4 Nf4 16. Ng3 (16. Rfe1 $142) 16... Na5 17. Qe4 {[%cal Rf3e5]} f5 18. Qe3 Nd5 19. Qg5 h6 20. Qh4 ({Avoid the trap} 20. Qxg6 $2 Nf4 $19) 20... e4 21. Bxg7 Kxg7 22. Ne1 f4 23. Ne2 (23. c4 $142 g5 24. Qh3 Qxh3 25. gxh3) 23... g5 $19 24. Qh3 Qxh3 25. gxh3 f3 26. Ng3 Nf4 27. d3 Nxh3+ 28. Kh1 Rad8 29. Rc1 exd3 {[#] White must now prevent ...d2.} 30. Nxf3 Rf8 31. Nd2 Rxf2 32. Rxf2 Nxf2+ 33. Kg2 dxc2 34. Rxc2 Nd3 35. Kf1 Nc6 36. Nde4 Rf8+ {Black is clearly winning.} 37. Ke2 Ndb4 38. Rd2 Nd4+ 39. Kd1 Kg6 40. Rg2 Nd5 {Threatens to win with ...Ne3+.} 41. Kd2 h5 42. Ne2 Nf3+ 43. Kc1 Ne3 44. Rf2 g4 45. Nd2 {If only White now had time for Ng1!...} Rf7 46. h3 Nxd2 47. Rxf7 {[#]} Nxb3+ $1 {[%mdl 512] Accuracy: White = 48%, Black = 90%.} 0-1

[Event "CCCSA IM Norm C 2019"]
[Site "Charlotte"]
[Date "2019.06.07"]
[Round "3.1"]
[White "Turgut, Aydin"]
[Black "Adamson, Robby"]
[Result "1-0"]
[WhiteElo "2286"]
[BlackElo "2238"]
[Annotator "RC"]
[PlyCount "83"]
[EventDate "2019.06.05"]
[EventType "tourn"]
[EventCountry "USA"]
[SourceTitle "playchess.com"]
[Source "ChessBase"]
[SourceQuality "1"]
[TimeControl "5400+30"]

1. e4 {[%emt 1:30:30]} e5 {[%emt 1:30:30]} 2. Nf3 {[%emt 0:00:30]} Nc6 {[%emt 0:00:30]} 3. Bc4 {[%emt 0:00:30]} Nf6 {[%emt 0:00:30]} 4. d3 {[%emt 0:00:30]} h6 {[%emt 0:00:30]} 5. O-O {[%emt 0:00:30]} d6 {[%emt 0:00:30]} 6. c3 {[%emt 0:00:30]} g6 {[%emt 0:00:30]} 7. Re1 {[%emt 0:00:30]} Bg7 {[%emt 0:00:30]} 8. Nbd2 {[%emt 0:00:30]} O-O {[%emt 0:00:30]} 9. Nf1 {[%emt 0:00:30]} d5 {[%emt 0:00:30]} 10. exd5 {[%emt 0:00:30]} Nxd5 {[%emt 0:00:30]} 11. Bb5 {[%emt 0:00:30]} Nde7 {[%emt 0:00:30]} 12. Ng3 {[%emt 0:00:30]} Kh7 {[%emt 0:00:30]} 13. Be3 {[%emt 0:00:30]} a6 {[%emt 0:00:30]} 14. Ba4 {[%emt 0:00:30]} b6 {[%emt 0:00:30]} 15. Qe2 {[%emt 0:00:30]} f5 {[%emt 0:00:30]} 16. Bd2 {[%emt 0:00:30]} Qd6 {[%emt 0:00:30]} 17. c4 {[%emt 0:00:30]} f4 {[%emt 0:00:30]} 18. Ne4 {[%emt 0:00:30]} Qd8 {[%emt 0:00:30]} 19. Bc3 {[%emt 0:00:30]} Rb8 {[%emt 0:00:30]} 20. Ned2 {[%emt 0:00:30]} Rf5 {[%emt 0:00:30]} 21. Bc2 {[%emt 0:00:30]} Bb7 {[%emt 0:00:30]} 22. Nb3 {[%emt 0:00:30]} Rh5 {[%emt 0:00:30]} 23. d4 {[%emt 0:00:30]} exd4 {[%emt 0:00:30]} 24. Nfxd4 {[%emt 0:00:30]} Nxd4 {[%emt 0:00:30]} 25. Bxd4 {[%emt 0:00:30]} Nf5 {[%emt 0:00:30]} 26. Bxf5 {[%emt 0:00:30]} Rxf5 {[%emt 0:00:30]} 27. Qe7 {[%emt 0:00:30]} Qf8 {[%emt 0:00:30]} 28. Qxc7 {[%emt 0:00:30]} Rf7 {[%emt 0:00:30]} 29. Bxg7 {[%emt 0:00:30]} Rxg7 {[%emt 0:00:30]} 30. Qe5 {[%emt 0:00:30]} f3 {[%emt 0:00:30]} 31. Nd4 {[%emt 0:00:30]} Rf7 {[%emt 0:00:30]} 32. Re3 {[%emt 0:00:30]} Rc8 {[%emt 0:00:30]} 33. b3 {[%emt 0:00:30]} fxg2 {[%emt 0:00:30]} 34. Ne6 {[%emt 0:00:30]} Qe7 35. Rh3 {[%emt 0:00:30]} Rf5 {[%emt 0:01:00]} 36. Qe3 h5 {[%emt 0:00:30]} 37. Re1 {[%emt 0:01:00]} Rc6 {[%emt 0:00:30]} 38. Nd4 {[%emt 0:00:30]} Qxe3 {[%emt 0:00:30]} 39. Rhxe3 {[%emt 0:00:30]} Rf7 {[%emt 0:00:30]} 40. Nxc6 {[%emt 0:00:30]} Bxc6 {[%emt 0:00:30]} 41. Re6 {[%emt 0:00:30]} Rc7 {[%emt 0:00:30]} 42. Re7+ {[%emt 0:00:30]} 1-0

[Event "CCCSA IM Norm C 2019"]
[Site "Charlotte"]
[Date "2019.06.07"]
[Round "3.2"]
[White "Jacobson, Aaron"]
[Black "Bregadze, Levan"]
[Result "1/2-1/2"]
[WhiteElo "2302"]
[BlackElo "2462"]
[Annotator "TA"]
[PlyCount "133"]
[EventDate "2019.06.05"]
[EventType "tourn"]
[EventCountry "USA"]
[SourceTitle "playchess.com"]
[Source "ChessBase"]
[SourceQuality "1"]

{[%evp 12,133,53,52,56,36,42,42,42,29,42,42,40,35,81,-56,-52,-43,-42,-37,-35,-85,-74,-105,-100,-87,-57,-50,-31,-51,-35,-33,-16,-31,0,-30,6,16,21,0,30,-67,0,0,31,4,6,18,27,14,95,59,57,58,47,0,109,109,460,0,0,0,0,0,0,0,0,0,53,0,0,0,0,0,2,4,25,8,25,25,29,29,41,41,41,41,41,41,41,41,41,41,41,41,41,41,41,41,41,41,41,41,41,41,41,41,41,41,41,41,41,41,41,41,41,19,19,19,23,24,31,31,28,21]} 1. e4 g6 2. d4 Bg7 3. Nc3 d6 4. f4 a6 5. Nf3 b5 6. Bd3 Nd7 7. e5 Bb7 {B06: Modern Defence} 8. Qe2 Nh6 9. e6 fxe6 {White is slightly better.} 10. Ng5 Nf8 $1 11. Bxb5+ c6 12. Ba4 $146 ({Predecessor:} 12. Bc4 d5 13. Bb3 Nf5 14. Be3 Nxd4 15. Bxd4 Bxd4 {0-1 (75) Petrosian,D (2431)-Malakhov,V (2717) Yerevan 2014}) 12... Nf5 {[#]} 13. Nxe6 (13. Be3 $1 $16) 13... Nxe6 $15 14. Qxe6 Nxd4 15. Qc4 Nb5 16. Bd2 d5 17. Qd3 O-O 18. O-O Qd6 19. Rae1 Rae8 20. Nd1 Bc8 21. c3 Bf5 22. Qg3 Kh8 23. Ne3 Bd3 24. Rf2 d4 25. Nd1 Bf5 26. cxd4 ({White should play} 26. c4 $11) 26... Nxd4 ({Much weaker is} 26... Qxd4 $6 27. Bxb5 cxb5 28. Bc3 $11) (26... Bxd4 $15 27. Ne3 e5 28. Bxb5 cxb5) 27. Ne3 $11 Rd8 28. Bc3 Qc5 29. Kh1 Bf6 30. Rd2 e5 (30... Be6 $11 {remains equal.}) 31. fxe5 Bxe5 32. Qh4 Bf6 $1 {[%cal Rf6h4]} 33. Qg3 Bg7 (33... Be5 $11 34. Qh4 Bf6) 34. Red1 $16 {Hoping for Qh4.} Qa7 $2 {[%mdl 8192] [#]} ({Avoid the trap} 34... Be5 $2 35. b4 $18) (34... Qb6 $16) 35. Bxd4 $2 (35. Rxd4 $1 $18 {[%mdl 512]} Rxd4 36. Rxd4 (36. Bxd4 Bxd4 37. Qd6 Bg7 $14)) 35... Rxd4 $11 36. Rxd4 Bxd4 {[#]} 37. Qd6 $1 {[%cal Rd6f8][%mdl 512]} Bg7 38. Nxf5 Rxf5 39. Qxc6 Rf8 ({Better is} 39... Qf2 $11 40. Qxa6 Be5) 40. Qd6 (40. b4 $14) 40... Qf7 {( -> ...Qf1+!)} 41. Qxa6 Qxa2 42. b3 Qc2 43. Rf1 Rd8 44. Qc4 Qxc4 45. bxc4 {[%mdl 4096] Endgame KRB-KRB} Ra8 46. Bc6 Ra1 47. Rxa1 Bxa1 $14 {KB-KB} 48. Kg1 Kg7 49. Kf2 Kf6 50. Bd5 Bd4+ 51. Kf3 Ke5 52. Bg8 h6 53. Bf7 g5 54. Kg4 Kf6 55. Bd5 Bc5 56. h3 Bb6 57. Be4 Ba7 58. Bc2 Bb6 59. Bb1 Ba7 60. Kh5 Kg7 $1 61. Ba2 Bc5 62. Bb3 Bb6 63. h4 gxh4 64. Kxh4 Ba7 65. Kg4 Kf6 66. Kf4 Ke6 67. Ke4 {Accuracy: White = 57%, Black = 56%.} 1/2-1/2

[Event "CCCSA IM Norm C 2019"]
[Site "Charlotte"]
[Date "2019.06.07"]
[Round "3.3"]
[White "Ludwig, John"]
[Black "Martin Del Campo C., Roberto"]
[Result "1/2-1/2"]
[WhiteElo "2374"]
[BlackElo "2311"]
[Annotator "TA"]
[PlyCount "113"]
[EventDate "2019.06.05"]
[EventType "tourn"]
[EventCountry "USA"]
[SourceTitle "playchess.com"]
[Source "ChessBase"]
[SourceQuality "1"]

{[%evp 9,113,38,41,39,35,43,47,52,44,49,35,34,37,37,45,39,71,61,48,45,55,63,79,70,87,80,79,84,82,60,60,50,50,16,57,57,110,55,64,87,107,107,113,96,119,24,32,0,19,0,0,0,0,0,0,0,0,0,0,0,0,0,0,-14,-14,-14,-8,-8,-8,-59,-53,-78,-75,-69,0,-76,-48,-228,-228,-267,-253,-672,-675,-5050,-1879,-2504,-2431,-1395,-1213,-5057,-5057,-2377,-45,-45,-45,-45,-45,-45,-8,-8,-8,-8,-8,-8,-8,-8]} 1. e4 c5 2. Nf3 d6 3. d4 cxd4 4. Qxd4 a6 5. h3 Nc6 6. Qe3 {B53: Sicilian: 2...d6: Lines with Qxd4} g6 7. c4 Bh6 8. Qc3 {White is slightly better.} Qa5 9. Qxa5 Nxa5 10. Bxh6 Nxh6 11. Nc3 {[%cal Bb1c3,Bc3d5,Bd5b6][%mdl 32]} Rb8 $146 ({Predecessor:} 11... Be6 12. b3 O-O {0-1 (49) Muzychuk,M (2528)-Edouard,R (2636) Cap d'Agde 2015}) 12. Be2 f5 13. O-O Nc6 14. Rad1 Nf7 15. exf5 gxf5 16. Nd5 e6 17. Nb6 Ke7 18. Rd2 Kf6 19. a3 e5 20. b4 Be6 21. Ne1 Nd4 22. f4 Ke7 (22... Rhg8 $14) 23. Nc2 (23. Bh5 $16) 23... Nxc2 $14 24. Rxc2 Rhg8 25. Kh2 Rg7 26. Bh5 Rbg8 27. Bxf7 (27. Re2 $16) 27... Rxf7 $11 28. c5 (28. Re2 $5 {[%cal Rf4e5]}) 28... dxc5 29. fxe5 cxb4 30. axb4 Rd8 31. Rc7+ Kf8 32. Rxf7+ Kxf7 {[%mdl 4096] Endgame KRB-KRN} 33. Rc1 Rd4 34. Rc7+ Kg6 35. Re7 Bb3 36. b5 axb5 37. Rxb7 Re4 38. Nd7 Bc4 39. e6 (39. Nf8+ $11 Kg5 40. Nxh7+ Kf4 41. Rb6) 39... h5 $15 40. Nf8+ {[#]} Kf6 $1 41. Nh7+ Kg6 ({Better is} 41... Ke5 $1 $15 42. Ng5 Re3) 42. e7 (42. Nf8+ $11 {keeps the balance.} Kf6 43. Nd7+ Kg5 44. Nf8) 42... Re2 43. Nf8+ $2 (43. Kg3 $15) 43... Kf7 $19 44. e8=Q+ Kxe8 45. Nh7 $2 {[#]} (45. Rb8+ Kf7 46. Kg3) 45... Rxg2+ $1 {[%mdl 576] Decoy} 46. Kxg2 Bd5+ {[%mdl 64] Double Attack} 47. Kf2 Bxb7 {KB-KN} 48. Nf6+ Kf7 49. Nxh5 b4 50. Ke3 b3 $2 (50... Be4 $19 {aiming for ...b3.} 51. Kd4 Kg6) 51. Kd3 $15 Kg6 52. Nf4+ Kg5 53. Ne6+ Kh4 54. Nd4 $1 {The position is equal.} Be4+ 55. Kc3 f4 56. Kxb3 Kxh3 57. Ne2 {Accuracy: White = 48%, Black = 49%.} 1/2-1/2

[Event "CCCSA IM Norm C 2019"]
[Site "Charlotte"]
[Date "2019.06.07"]
[Round "3.4"]
[White "Lorne, Ras Malaku"]
[Black "Balleisen, Aaron"]
[Result "0-1"]
[WhiteElo "2159"]
[BlackElo "2203"]
[Annotator "TA"]
[PlyCount "84"]
[EventDate "2019.06.05"]
[EventType "tourn"]
[EventCountry "USA"]
[SourceTitle "playchess.com"]
[Source "ChessBase"]
[SourceQuality "1"]

{[%evp 10,84,22,6,16,6,8,7,4,10,22,27,21,-11,0,-52,-5,-27,-20,-27,-18,-29,19,-11,101,94,103,106,219,213,292,274,250,246,274,285,279,277,271,273,421,339,339,217,255,225,229,222,237,237,292,288,500,517,423,174,162,155,160,67,137,0,0,0,0,-29976,0,0,0,0,0,0,0,-29978,-29979,-29990,-29975]} 1. d4 Nf6 2. Bg5 e6 3. e4 h6 4. Bxf6 Qxf6 5. c3 d6 6. Bd3 g6 {A45: Trompowsky Attack} 7. Ne2 Bg7 8. O-O Qe7 {The position is equal.} 9. f4 e5 10. Nd2 {[%cal Bb1d2,Bd2c4,Bc4b6][%mdl 32]} O-O 11. f5 Nd7 12. Qb3 (12. Qc2 $11) 12... g5 $146 (12... gxf5 {feels hotter.} 13. Ng3 Qg5 14. Qc2 exd4 15. Nxf5 dxc3 16. bxc3 Nc5) ({Predecessor:} 12... Kh7 13. Rae1 Nf6 14. Kh1 {0-1 (25) Miton,K (2604)-Olszewski,M (2529) Poland 2018}) 13. Qa3 g4 14. Rad1 h5 15. Nc4 b6 16. f6 {[%mdl 64] Deflection} Nxf6 (16... Bxf6 $11 {keeps the balance.} 17. Ng3 exd4) 17. dxe5 $16 Ne8 18. exd6 $1 cxd6 (18... Nxd6 $16 19. Nf4 Qg5) 19. Nf4 Qg5 {[#]} 20. Nxb6 $1 {[%mdl 576] Pin} Be5 (20... axb6 21. Qxa8) 21. g3 axb6 22. Qxa8 Nc7 23. Qc6 Ne6 24. Ng2 ({Weaker is} 24. Qxb6 Nxf4 25. gxf4 Bxf4 $16) 24... h4 (24... Qd8 {keeps fighting.} 25. Bc4 Bd7) 25. gxh4 Qg7 26. Qxb6 {Threatens to win with Qe3.} Nd4 27. Kh1 Nf3 28. Qe3 Nxh2 29. Rf4 Nf3 30. Be2 Nxh4 $2 (30... Kh7 31. Bxf3 Bxf4 32. Nxf4 gxf3) 31. Nxh4 $18 Qh7 32. Qg3 (32. Rxg4+ $142 Bxg4 33. Qg5+ {[%mdl 64] Double Attack} (33. Bxg4 Qxh4+ 34. Qh3 Qxh3+ 35. Bxh3 Ra8 $18) 33... Kh8 34. Qxg4) 32... Bxf4 33. Qxf4 Qxh4+ 34. Kg1 (34. Kg2 $1 $16 Qh3+ 35. Kf2) 34... Kg7 {[#]} (34... Be6 $14) 35. Rxd6 (35. Rd5 $1 $16 {[%cal Rd5g5] Rg5+ is the strong threat.} f6 36. Rxd6) 35... Rh8 $11 {With the idea ...Qh1+.} 36. e5 {[#] aiming for Qf6+.} Bf5 $1 {[%mdl 512] And now ...Qh1+ would win.} 37. Rf6 $2 {[%mdl 8192]} (37. Rd1 $11) (37. Qxf5 Qg3+) 37... Bg6 $2 (37... Qh1+ {mates} 38. Kf2 Rh2+ 39. Qxh2 Qxh2+ 40. Ke1 Qxe5 41. Rxf5 Qxf5 42. Bxg4 Qxg4 43. Kd2 f5 44. c4 f4 45. b3 f3 46. Ke3 Qg2 47. Kd4 f2 48. Kc5 f1=Q 49. Kb4 Qxa2 50. Kc5 Qa5+ 51. Kc6 Qf7 52. Kd6 Qac7#) 38. Bf1 $1 ({Don't blunder} 38. Qxg4 $2 Qh1+ 39. Kf2 Rh2+ 40. Ke3 Qc1+ 41. Kd4 Qd2+ 42. Kc5 Rxe2 $19) 38... Qh1+ 39. Kf2 Rh2+ 40. Ke1 Rxb2 {[#] Strongly threatening ...Qh4+.} 41. e6 $2 {[%mdl 8192]} (41. Rxg6+ $1 $11 {[%mdl 512]} fxg6 42. Qf6+ Kg8 43. Qxg6+ Kf8 44. Qf6+ Kg8 45. Qd8+ Kh7 46. Qe7+ Kh8 47. Qf6+ Kh7 48. Qe7+ Kg8 49. Qe6+ Kh8 50. Qf6+ Kg8 51. Qg6+ Kh8 52. Qf6+) 41... Qh4+ {[%mdl 64] Double Attack} 42. Kd1 Qxf6 {Accuracy: White = 49%, Black = 46%.} 0-1

[Event "CCCSA IM Norm C 2019"]
[Site "Charlotte"]
[Date "2019.06.07"]
[Round "3.5"]
[White "Wang, Jason"]
[Black "Hevia Alejano, Carlos Antonio"]
[Result "0-1"]
[WhiteElo "2285"]
[BlackElo "2481"]
[Annotator "TA"]
[PlyCount "60"]
[EventDate "2019.06.05"]
[EventType "tourn"]
[EventCountry "USA"]
[SourceTitle "playchess.com"]
[Source "ChessBase"]
[SourceQuality "1"]

{[%evp 13,62,-6,14,-37,37,18,18,14,18,14,22,20,8,12,8,11,17,-162,-168,-194,-135,-226,-213,-285,-286,-371,-371,-366,-359,-356,-362,-327,-333,-328,-285,-283,-289,-279,-298,-289,-196,-254,-266,-264,-253,-654,-480,-1284,-1264,-5457,-5406]} 1. d4 e6 2. c4 Bb4+ 3. Nd2 d5 4. Ngf3 Nf6 5. Qc2 O-O 6. a3 Be7 7. e4 c5 8. dxc5 {E11: Bogo-Indian} ({White should try} 8. e5 $11 Nfd7 9. Bd3) 8... Bxc5 ({Black should play} 8... dxe4 $15 9. Nxe4 Nxe4 10. Qxe4 f5) 9. cxd5 Bb6 10. Bd3 $146 {The position is equal.} ({Predecessor:} 10. dxe6 Ng4 11. exf7+ Kh8 12. Bc4 Bxf2+ 13. Ke2 Bb6 14. b4 Qf6 15. Bb2 Qg6 {0-1 (40) Navara,D (2656)-Babula,V (2596) Czechia 2007}) 10... exd5 11. O-O Nc6 {[%cal Bb8c6,Bc6d4,Bd4b3][%mdl 32]} 12. exd5 Qxd5 13. Ne4 Nxe4 14. Bxe4 Qh5 15. Ng5 $2 {[#]} (15. Bd2 $11 {and White is okay.}) 15... Nd4 $1 $36 {[%cal Rd4c2][%mdl 2048] Black is on the roll.} 16. Qc4 h6 (16... Bg4 $19 {...Rac8 is the strong threat.} 17. Bf3 (17. Bxh7+ $2 Kh8 $19) 17... h6) 17. Nf3 (17. Be3 $17 Ne2+ 18. Kh1 Bxe3 19. Nxf7 Rxf7 20. Bf3) 17... Be6 18. Qd3 Nb3 19. Rb1 Nc5 20. Qe2 Nxe4 21. Qxe4 Bf5 22. Qe5 Rfe8 23. Qb5 a6 24. Qxb6 Bxb1 25. Be3 Be4 26. Nd4 Rad8 27. Rc1 (27. f3 $142 Bg6 28. Bf2) 27... Rd7 28. h3 Red8 29. b4 $2 (29. f3 Bd3 30. Rd1) 29... Rd6 {Black is clearly winning.} 30. Qa7 {[#]} (30. Qc5 $142 Qxc5 31. Rxc5) 30... Rg6 {Played: Rd6xd4} 0-1

[Event "CCCSA IM Norm C 2019"]
[Site "Charlotte"]
[Date "2019.06.07"]
[Round "4.1"]
[White "Adamson, Robby"]
[Black "Ludwig, John"]
[Result "0-1"]
[WhiteElo "2238"]
[BlackElo "2374"]
[Annotator "TA"]
[PlyCount "120"]
[EventDate "2019.06.05"]
[EventType "tourn"]
[EventCountry "USA"]
[SourceTitle "playchess.com"]
[Source "ChessBase"]
[SourceQuality "1"]

{[%evp 13,120,56,48,45,41,35,41,18,42,40,59,0,0,24,12,23,25,22,0,0,8,16,28,-5,-4,-31,-39,-45,-45,-100,-67,-64,-65,-65,-58,-60,-67,-62,-64,-65,-50,-59,-26,-46,-10,-10,-10,-10,-4,-25,0,0,0,0,0,-24,0,0,0,0,0,0,0,0,0,-6,0,-35,0,0,0,-88,-88,-119,-79,-153,-107,-175,-168,-162,-161,-161,-130,-163,-165,-203,-161,-170,-161,-182,-179,-214,-161,-177,-187,-183,-181,-197,-182,-198,-168,-214,-202,-197,-179,-416,-390,-2447,-2298]} 1. e4 d6 2. d4 Nf6 3. Nc3 c6 4. f4 Qa5 5. Bd3 e5 6. Nf3 Nbd7 7. O-O Be7 8. Be3 {B07: Pirc Defence: Miscellaneous Systems} (8. Kh1 O-O 9. Be3 Qc7 10. a4 exd4 11. Bxd4 a6 12. e5 dxe5 13. fxe5 Ne8 14. Qe1 g6 15. e6 Ndf6 16. exf7+ Kxf7 {1-0 (38) Kollars,D (2562)-Bezold,M (2487) chess.com INT 2019}) 8... O-O 9. Qe1 Qc7 10. h3 {White is slightly better.} b5 11. a3 Re8 $146 ({Predecessor:} 11... a6 12. g4 exd4 13. Nxd4 c5 14. Nf5 Nb6 15. Nxe7+ Qxe7 {1-0 (37) Koutsidi,A (1621)-Galani,A (1519) Porto Rio 2016}) 12. fxe5 (12. Qf2 $14) 12... dxe5 $11 13. dxe5 Nxe5 14. Nxe5 Qxe5 15. Bf4 $1 {[%cal Rf4e5]} Qc5+ 16. Kh1 Nh5 17. Bh2 {[#] Black must now prevent e5.} Bf6 $1 18. g4 (18. e5 $5 Bxe5 19. Qe2 $11) 18... Bxc3 $1 19. bxc3 Nf6 20. e5 {Threatens to win with Qh4.} Be6 $36 {[%mdl 2048] And now ...Bd5+ would win. Black is more active.} 21. Qf2 (21. Bg1 $1 $15 Qf8 22. a4) 21... Qxf2 22. Rxf2 Bd5+ 23. Kg1 Nd7 24. a4 a6 25. Re2 Nc5 26. a5 Ne6 27. Kf2 Rad8 28. Kg3 c5 29. Bg1 g6 30. Ree1 Rd7 31. Rab1 Red8 32. Be3 Bc6 33. Rbc1 Re8 34. Rb1 Rc8 35. Rbc1 Bb7 36. Bf1 c4 37. Rcd1 Rcd8 38. Rxd7 Rxd7 39. Be2 Kf8 40. Bf3 Ke7 41. Bxb7 Rxb7 {[%mdl 4096] Endgame KRB-KRN} 42. Bb6 {[#]} (42. Bc1 $11) 42... Rd7 $1 $17 43. Re2 Rd5 44. Ba7 (44. h4 $142) 44... Nd8 45. Kf4 (45. Bb8 $17 {might work better.}) 45... Nc6 $19 46. Bb6 h6 47. Bc7 Kd7 48. Bb6 Ke6 49. Bc7 g5+ 50. Ke4 Nxe5 51. Rf2 {Black should prevent Rf6+!} Nd7 52. Ke3 Ke7 53. Ke4 Rd1 54. Re2 Nc5+ 55. Kf3+ Ne6 56. Be5 Kd7 57. Ke4 Nc5+ 58. Ke3 Rh1 59. Rf2 $2 (59. Rd2+ Ke6 60. Kd4) 59... Re1+ 60. Kd4 $2 (60. Re2 Rxe2+ 61. Kxe2) 60... Kc6 {Accuracy: White = 51%, Black = 57%.} 0-1